National seminar on horticulture for sustainable income and environmental protection 24-26 February 2004 : Souvenir (Record no. 44118)

MARC details
000 -LEADER
fixed length control field 00438nam a2200121Ia 4500
082 ## - DEWEY DECIMAL CLASSIFICATION NUMBER
Classification number 633/635(085)
Item number HOR
245 #0 - TITLE STATEMENT
Title National seminar on horticulture for sustainable income and environmental protection 24-26 February 2004 : Souvenir
260 ## - PUBLICATION, DISTRIBUTION, ETC. (IMPRINT)
Place of publication Nagaland University
Name of publisher Department of Horticulture
Year of publication 2004
650 ## - SUBJECT ADDED ENTRY--TOPICAL TERM
Topical Term Medicinal plants
650 ## - SUBJECT ADDED ENTRY--TOPICAL TERM
Topical Term Plantation crops research
942 ## - ADDED ENTRY ELEMENTS (KOHA)
Koha item type Books
Holdings
Withdrawn status Lost status Damaged status Not for loan Home library Current library Date acquired Source of acquisition Full call number Accession Number Koha item type
        RRII Library RRII Library 16/12/2021 Gift 633/635(085) HOR G00866 Books